000 00580nam a2200229Ia 4500
003 OSt
005 20220924152209.0
006 a|||||r|||| 00| 0
007 ta
008 220923b |||||||| |||| 00| 0 mar d
024 _a341502
037 _cTextual
040 _aARTS
_cARTS
_bmar
041 _2mar
_amar
082 _aO155,3N38,1, L0
100 _aMatkari Ratnakar
_9226092
245 0 _aKhekada
260 _c1970
650 _aMARATHI LITERATURE
_938000
942 _hO155,3N38,1, L0
_cTEXL
_2CC
999 _c469065
_d469065